[Event "Corr"]
[Site "?"]
[Date "1995.03.25"]
[Round "?"]
[White "Bellas Vyron (FRA)"]
[Black "Corfield Julian (ENG)"]
[Result "0-1"]
[WhiteElo "2300"]
[BlackElo "2400"]
[PlyCount "94"]
[EventDate "1995.??.??"]
[Source "www.chesslib.no"]
[SourceDate "2004.05.04"]

1. e4 e6 2. c4 d5 3. exd5 exd5 4. cxd5 Nf6 5. Qa4+ Nbd7 6. Nc3 Be7 7. g3 O-O 8. Bg2 Nc5 9. Qc2 g6 10. d3 c6 11. Be3 cxd5 12. Nge2 Bf5 13. Rd1 Rc8 14. O-O Qd7 15. b4 Ne6 16. Qa4 Qxa4 17. Nxa4 b5 18. Nc5 Nxc5 19. bxc5 Bxc5 20. Bg5 Kg7 21. Bxf6+ Kxf6 22. Bxd5 Rfd8 23. Be4 Bh3 24. Bg2 Bxg2 25. Kxg2 Bb6 26. Kf3 Rc2 27. Nc1 h5 28. h3 Rd5 29. g4 hxg4+ 30. hxg4 b4 31. Rde1 Rdc5 32. Rd1 a5 33. Nb3 R5c3 34. Rd2 a4 35. Rxc2 Rxc2 36. Nc1 Ke5 37. d4+ Kxd4 38. g5 Kc3 39. Ke4 Bxf2 40. Kf3 Bb6 41. Rd1 Kb2 42. Nd3+ Ka3 43. Nc1 Bd4 44. Nd3 Bc3 45. Ke4 Kxa2 46. Nc1+ Rxc1 47. Rxc1 a3 0-1

[Event "Zalakaros Open"]
[Site "Zalakaros"]
[Date "1993.??.??"]
[Round "7"]
[White "Meszaros, Andras"]
[Black "Monin, Nikolay"]
[Result "1-0"]
[WhiteElo "2345"]
[BlackElo "2355"]
[PlyCount "95"]
[EventDate "1993.??.??"]
[Source "www.chesslib.no"]
[SourceDate "2004.05.04"]

1. e4 e6 2. c4 d5 3. Nc3 dxe4 4. Nxe4 c5 5. Nf3 Nc6 6. d3 b6 7. a3 Bb7 8. Rb1 Be7 9. Bd2 Nf6 10. Bc3 O-O 11. Be2 Nd4 12. Bxd4 cxd4 13. Ng3 e5 14. O-O Nd7 15. Nd2 f5 16. Bf3 Bxf3 17. Qxf3 g6 18. Qd5+ Kg7 19. f4 Bf6 20. Nf3 exf4 21. Ne2 Nc5 22. Qxd8 Raxd8 23. Nxf4 Rfe8 24. b4 Na4 25. Rbe1 Kf7 26. Kf2 g5 27. Nd5 Nb2 28. Rxe8 Rxe8 29. Ne1 Kg6 30. g3 Nd1+ 31. Kg1 Re2 32. Ng2 Ne3 33. Ngf4+ gxf4 34. Nxf4+ Kg5 35. Nxe2 Nxf1 36. Kxf1 Be5 37. Kg2 Kf6 38. Kf3 Ke7 39. h3 Kf6 40. Nf4 Ke7 41. Nh5 Ke6 42. g4 Bh8 43. Ng3 fxg4+ 44. hxg4 Ke5 45. Nh5 a6 46. Kg3 b5 47. c5 Kd5 48. Kf4 1-0

[Event "Oberliga Ost-B 9900"]
[Site "?"]
[Date "1999.10.10"]
[Round "1.1"]
[White "Euler Gerd"]
[Black "Klingelhoefer Stefan"]
[Result "1-0"]
[WhiteElo "2386"]
[BlackElo "2302"]
[PlyCount "74"]
[EventDate "1999.??.??"]
[Source "www.chesslib.no"]
[SourceDate "2004.05.04"]

1. e4 e6 2. c4 d5 3. cxd5 exd5 4. Qb3 Nf6 5. Nc3 Nxe4 6. Nxe4 dxe4 7. Bc4 Qf6 8. d3 Bc5 9. Be3 Bxe3 10. fxe3 O-O 11. dxe4 Qh4+ 12. g3 Qxe4 13. Bd5 Qe7 14. O-O-O c6 15. Bc4 Bf5 16. Nf3 b5 17. Be2 Na6 18. Nd4 Nc5 19. Qc3 Be4 20. Rhf1 b4 21. Qd2 Rac8 22. Bc4 Bg6 23. Rf4 Ne4 24. Qe2 c5 25. Nf3 Rcd8 26. Rf1 Nd6 27. Bd5 c4 28. Nd4 Rc8 29. e4 b3 30. a3 c3 31. e5 cxb2+ 32. Kxb2 Qc7 33. Nc6 Rfe8 34. Qd2 Nc4+ 35. Rxc4 Rxe5 36. Nxe5 Qxe5+ 37. Kxb3 Re8 1-0

[Event "Rio de Janeiro FEXERJ Open"]
[Site "Rio de Janeiro BRA"]
[Date "1991.06.??"]
[Round "9"]
[White "Lima, Darcy"]
[Black "Toth, Peter"]
[Result "1/2-1/2"]
[WhiteElo "2445"]
[BlackElo "2240"]
[PlyCount "53"]
[EventDate "1991.??.??"]
[Source "www.chesslib.no"]
[SourceDate "2004.05.04"]

1. e4 e6 2. c4 c5 3. Nc3 Nc6 4. f4 d6 5. Nf3 Nf6 6. g3 Be7 7. d3 a6 8. Bg2 Qc7 9. O-O Nd4 10. Nxd4 cxd4 11. Ne2 e5 12. h3 a5 13. g4 Nd7 14. Ng3 g6 15. f5 Bh4 16. Qf3 Nc5 17. g5 Bxg3 18. Qxg3 Bd7 19. f6 O-O-O 20. Bd2 Rdg8 21. h4 h6 22. gxh6 g5 23. hxg5 Rxh6 24. Rf5 Rhg6 25. Kf2 Kb8 26. Rc1 b6 27. b3 1/2-1/2

[Event "XI Festival"]
[Site "Voronezh RUS"]
[Date "2007.06.20"]
[Round "8"]
[White "Kachko, A."]
[Black "Ivanov, Valer"]
[Result "1/2-1/2"]
[WhiteElo "2414"]
[BlackElo "2264"]
[PlyCount "75"]
[EventDate "2007.06.12"]
[Source "www.chesslib.no"]
[SourceDate "2004.05.04"]

1. e4 e6 2. c4 d5 3. exd5 exd5 4. cxd5 Nf6 5. Bc4 c6 6. dxc6 Nxc6 7. Qb3 Nd4 8. Qa4+ b5 9. Bxb5+ Nxb5 10. Qxb5+ Bd7 11. Qe2+ Be7 12. Nf3 O-O 13. O-O Re8 14. d4 Bg4 15. Nc3 Bc5 16. Qc4 Bb6 17. Ne5 Be6 18. Qa4 Qxd4 19. Qxd4 Bxd4 20. Nf3 Bxc3 21. bxc3 Bc4 22. Rd1 Be2 23. Rd4 Rac8 24. Bd2 Ne4 25. Rc1 Rb8 26. Re1 Bxf3 27. gxf3 Nxd2 28. Rxe8+ Rxe8 29. Rxd2 g6 30. Rd7 Rc8 31. Rxa7 Rxc3 32. Kg2 Kg7 33. a4 Ra3 34. Kg3 Ra2 35. f4 Ra3+ 36. f3 h5 37. h4 Kf6 38. Ra5 1/2-1/2

[Event "Bussum Open"]
[Site "Bussum"]
[Date "1995.??.??"]
[Round "2"]
[White "Helvensteijn, Dennis"]
[Black "Glek, Igor V"]
[Result "0-1"]
[WhiteElo "2085"]
[BlackElo "2590"]
[PlyCount "108"]
[EventDate "1995.??.??"]
[Source "www.chesslib.no"]
[SourceDate "2004.05.04"]

1. e4 e6 2. c4 d5 3. exd5 exd5 4. cxd5 Nf6 5. Bb5+ Bd7 6. Bc4 Bg4 7. Ne2 Nbd7 8. O-O Nb6 9. f3 Bd7 10. Bb3 Nfxd5 11. Nbc3 Be6 12. Kh1 Bd6 13. Nxd5 Bxd5 14. Bxd5 Nxd5 15. Qb3 Nb6 16. Qe3+ Be7 17. Nc3 O-O 18. d4 Bf6 19. Rd1 Re8 20. Qf2 Nc4 21. Ne4 Nd6 22. Qc2 Nxe4 23. fxe4 Bxd4 24. Be3 c5 25. Bxd4 cxd4 26. Qd3 Qh4 27. Qxd4 Rxe4 28. Qd5 Rae8 29. Rf1 Qe7 30. Rad1 Re2 31. Qb3 g6 32. Rd3 Re1 33. Rdf3 Rxf1+ 34. Rxf1 b6 35. h3 h5 36. Qd5 Rc8 37. b4 Rc2 38. a3 Qc7 39. Qb3 Re2 40. Qd3 Qe7 41. Qc4 Re3 42. Qc8+ Kh7 43. Qc4 f5 44. Qa6 Kh6 45. Qa4 Qe4 46. Kh2 Re2 47. Rg1 a5 48. Qd1 axb4 49. axb4 Qf4+ 50. Kh1 Qd2 51. Qa1 Qb2 52. Qa6 f4 53. Qa7 Qf6 54. Rf1 Re3 0-1

[Event "GEO-ch U20"]
[Site "?"]
[Date "2002.03.22"]
[Round "4"]
[White "Rukhaia Kartlos"]
[Black "Gaprindashvili Valerian"]
[Result "0-1"]
[WhiteElo "2194"]
[BlackElo "2472"]
[PlyCount "58"]
[EventDate "2002.??.??"]
[Source "www.chesslib.no"]
[SourceDate "2004.05.04"]

1. e4 e6 2. c4 d5 3. exd5 exd5 4. cxd5 Nf6 5. Nc3 Be7 6. Bc4 O-O 7. Nge2 Nbd7 8. d3 Nb6 9. Qb3 a5 10. a4 Bd6 11. h3 Nfd7 12. Ne4 Bb4+ 13. N2c3 Nxc4 14. dxc4 f5 15. Ng3 Nc5 16. Qd1 f4 17. Nh5 Qh4 18. Nxf4 Rxf4 19. Bxf4 Qxf4 20. O-O Bf5 21. Ne2 Qxc4 22. Rc1 Qa6 23. Nf4 Nd3 24. Nxd3 Bxd3 25. Rxc7 Bxf1 26. Qxf1 Qxf1+ 27. Kxf1 Rd8 28. Rxb7 Rxd5 29. b3 Rd3 0-1

[Event "YUG-chT"]
[Site "?"]
[Date "1996.??.??"]
[Round "?"]
[White "Djoric Dusan"]
[Black "Saric Igor"]
[Result "1-0"]
[WhiteElo "2355"]
[BlackElo "2310"]
[PlyCount "119"]
[EventDate "1996.??.??"]
[Source "www.chesslib.no"]
[SourceDate "2004.05.04"]

1. e4 e6 2. c4 d5 3. exd5 exd5 4. cxd5 Qxd5 5. Nc3 Qe5+ 6. Be2 Bg4 7. d4 Bxe2 8. Ngxe2 Qh5 9. Qb3 b6 10. Nd5 Bd6 11. Qb5+ Kd8 12. Nxc7 Qxb5 13. Nxb5 Bb4+ 14. Bd2 Bxd2+ 15. Kxd2 Na6 16. a3 Nf6 17. Nec3 Kd7 18. Rhe1 Rhe8 19. Rxe8 Nxe8 20. Re1 Nac7 21. Nxc7 Nxc7 22. f3 Rd8 23. Rd1 Re8 24. Re1 Rd8 25. Ke3 Re8+ 26. Kf2 Rd8 27. Rd1 Kc6 28. g4 a6 29. h4 Nb5 30. Nxb5 Kxb5 31. b3 Rd7 32. Ke3 Re7+ 33. Kd3 Kc6 34. Rc1+ Kd6 35. Rc8 Re1 36. Rd8+ Ke7 37. Ra8 Rd1+ 38. Ke4 Re1+ 39. Kd3 Rf1 40. Ke2 Rb1 41. b4 Rb2+ 42. Ke1 Rb3 43. Rxa6 Rxf3 44. Kd2 b5 45. Ra5 Rh3 46. Rxb5 Rxa3 47. Rb7+ Ke8 48. b5 Rf3 49. b6 Kd8 50. d5 Rf6 51. Ke3 Kc8 52. Rc7+ Kb8 53. Ke4 h5 54. g5 Rxb6 55. Rxf7 Rb4+ 56. Kf5 Rxh4 57. Rxg7 Kc8 58. Rh7 Kd8 59. g6 Ke8 60. Rh8+ 1-0

[Event "Bucharest TICC"]
[Site "?"]
[Date "1997.??.??"]
[Round "?"]
[White "Pasarelu Dan"]
[Black "Ionescu Doru Alexandru"]
[Result "1-0"]
[WhiteElo "2320"]
[BlackElo "2335"]
[PlyCount "85"]
[EventDate "1997.??.??"]
[Source "www.chesslib.no"]
[SourceDate "2004.05.04"]

1. e4 e6 2. c4 c5 3. Nc3 Nc6 4. Nge2 Nf6 5. d3 a6 6. g3 d6 7. Bg2 Qc7 8. O-O b6 9. a3 Be7 10. b4 Bb7 11. b5 Nd4 12. Nxd4 cxd4 13. bxa6 Rxa6 14. Nb5 Qc5 15. a4 e5 16. Ba3 Qc6 17. f4 h5 18. Bh3 h4 19. g4 Nd7 20. g5 exf4 21. g6 Nc5 22. Qe2 f5 23. Qf3 Rf8 24. Qg4 Bf6 25. Qxf4 Ke7 26. Kh1 Rfa8 27. Rad1 Rd8 28. Bxc5 Qxc5 29. Ra1 Rda8 30. Bxf5 Qe5 31. Qg4 Qc5 32. Bd7 Kd8 33. Qe6 Qe5 34. Qg4 Qc5 35. Be6 Qb4 36. Bd5 Bxd5 37. cxd5 Qd2 38. Qe6 Qb4 39. Rae1 R8a7 40. Nxd6 Rc7 41. Nb5 Rd7 42. Nxd4 Qc5 43. Qc6 1-0

[Event "Belgium"]
[Site "?"]
[Date "2004.03.23"]
[Round "11"]
[White "Geinaert Steven"]
[Black "Zaragatski Ilja"]
[Result "0-1"]
[WhiteElo "2320"]
[BlackElo "2334"]
[PlyCount "54"]
[EventDate "2004.??.??"]
[Source "www.chesslib.no"]
[SourceDate "2004.05.04"]

1. e4 e6 2. c4 c5 3. Nf3 a6 4. Nc3 d6 5. d4 cxd4 6. Nxd4 Nf6 7. g3 b6 8. Bg2 Bb7 9. b3 Nbd7 10. O-O Rc8 11. Bb2 Qc7 12. Re1 Be7 13. Nd5 exd5 14. exd5 Kf8 15. Nf5 Re8 16. Qd2 Bc8 17. Nxg7 Kxg7 18. Qg5+ Kf8 19. Qh6+ Kg8 20. f4 Bf8 21. Qg5+ Bg7 22. Bh3 h6 23. Qh4 Qc5+ 24. Kg2 Ne4 25. Rxe4 Rxe4 26. Qd8+ Nf8 27. Bxg7 Bxh3+ 0-1

[Event "Kolontaevo"]
[Site "?"]
[Date "1998.??.??"]
[Round "?"]
[White "Batsanin Dimitry"]
[Black "Kokorev Dmitry"]
[Result "1/2-1/2"]
[WhiteElo "2370"]
[BlackElo "2280"]
[PlyCount "26"]
[EventDate "1998.??.??"]
[Source "www.chesslib.no"]
[SourceDate "2004.05.04"]

1. e4 e6 2. c4 e5 3. Nf3 d6 4. d4 Nd7 5. Be2 g6 6. O-O Bg7 7. Nc3 Ngf6 8. h3 O-O 9. Be3 Nh5 10. Re1 a5 11. Qd2 f5 12. exf5 gxf5 13. Bg5 Qe8 1/2-1/2

[Event "Capablanca mem-C"]
[Site "?"]
[Date "1990.??.??"]
[Round "7"]
[White "Velez Nestor"]
[Black "Vilaseco Franklyn"]
[Result "1/2-1/2"]
[WhiteElo "2330"]
[BlackElo "2310"]
[PlyCount "37"]
[EventDate "1990.??.??"]
[Source "www.chesslib.no"]
[SourceDate "2004.05.04"]

1. e4 e6 2. c4 c5 3. Nc3 Nc6 4. d3 d6 5. g3 g6 6. Bg2 Bg7 7. Nge2 Nge7 8. Be3 Nd4 9. Qd2 Nec6 10. Rc1 O-O 11. h4 Qf6 12. Nf4 a6 13. Qd1 Bd7 14. O-O b5 15. b3 b4 16. Nce2 a5 17. Nxd4 Nxd4 18. Nh3 Qd8 19. Nf4 1/2-1/2

[Event "Wch U20"]
[Site "Buenos Aires ARG"]
[Date "1992.??.??"]
[Round "?"]
[White "Rocha, Sergio"]
[Black "Gokhale, Jayant Suresh"]
[Result "1-0"]
[WhiteElo "2310"]
[BlackElo "2325"]
[PlyCount "109"]
[EventDate "1992.10.??"]
[Source "www.chesslib.no"]
[SourceDate "2004.05.04"]

1. e4 e6 2. c4 d5 3. cxd5 exd5 4. exd5 Nf6 5. Nc3 Nxd5 6. Bc4 Nxc3 7. bxc3 Bd6 8. Nf3 O-O 9. O-O Bg4 10. d4 Nc6 11. Be2 Re8 12. Be3 h6 13. Re1 Ne7 14. Qd2 Nd5 15. Rab1 Rb8 16. c4 Nxe3 17. fxe3 c6 18. Bd3 Bc7 19. Rf1 Qe7 20. Rbe1 Rbd8 21. Kh1 Bb8 22. Bc2 Qc7 23. Qf2 Qe7 24. Bb1 g6 25. Nd2 Be6 26. Ne4 Bf5 27. Ng3 Bxb1 28. Rxb1 f5 29. Rb3 Qc7 30. Rfb1 b6 31. a4 Qd6 32. Qa2 Bc7 33. a5 Qe6 34. axb6 axb6 35. Rd3 Kh7 36. d5 cxd5 37. cxd5 Qd6 38. Rc1 Re7 39. Qa4 Qe5 40. Qc6 h5 41. Nf1 Kh6 42. Rd4 Qd6 43. Qa4 Rxe3 44. Qc2 Re7 45. Qd2+ Kh7 46. Rc6 Qe5 47. d6 Qb5 48. Rc1 Bxd6 49. Rxd6 Red7 50. Rxd7+ Qxd7 51. Qxd7+ Rxd7 52. Rb1 Rb7 53. Rb5 h4 54. h3 Rd7 55. Rxb6 1-0

[Event "WchT U26"]
[Site "Paranana"]
[Date "1993.??.??"]
[Round "?"]
[White "Rocha, Sergio"]
[Black "Kokkila, Tero"]
[Result "1/2-1/2"]
[WhiteElo "2310"]
[BlackElo "2320"]
[PlyCount "70"]
[EventDate "1993.11.??"]
[Source "www.chesslib.no"]
[SourceDate "2004.05.04"]

1. e4 e6 2. c4 d5 3. cxd5 exd5 4. exd5 Nf6 5. Nc3 Nxd5 6. Bc4 Nb6 7. Bb3 c5 8. Qh5 g6 9. Qe5+ Qe7 10. Nf3 Nc6 11. Qxe7+ Bxe7 12. Nb5 O-O 13. d4 cxd4 14. Nbxd4 Nxd4 15. Nxd4 Bb4+ 16. Ke2 Bg4+ 17. Nf3 Rad8 18. Be3 Nd5 19. Bxd5 Rxd5 20. Rhd1 Rfd8 21. Rxd5 Rxd5 22. h3 Bd7 23. Nd4 f5 24. f4 Kf7 25. Rc1 Bd6 26. g3 h5 27. Nf3 b6 28. h4 Bb5+ 29. Kf2 Ba6 30. Bd4 Ke6 31. Ke3 Ra5 32. a3 Ra4 33. Ne5 Bxe5 34. fxe5 Rc4 35. Rxc4 Bxc4 1/2-1/2

[Event "Deutschland"]
[Site "?"]
[Date "2004.10.24"]
[Round "1.8"]
[White "Matthaei Alexander"]
[Black "Braslavskij Alex"]
[Result "0-1"]
[WhiteElo "2347"]
[BlackElo "2283"]
[PlyCount "58"]
[EventDate "2004.??.??"]
[Source "www.chesslib.no"]
[SourceDate "2004.05.04"]

1. e4 e6 2. c4 d5 3. cxd5 exd5 4. exd5 Nf6 5. Bb5+ Nbd7 6. d4 Be7 7. Nc3 O-O 8. Nf3 Nb6 9. Ne5 Nbxd5 10. O-O Be6 11. Bg5 c6 12. Bd3 Qb6 13. Re1 Rad8 14. Qd2 Nb4 15. Be3 c5 16. Na4 Qc7 17. Nxc5 Bxc5 18. Rec1 b6 19. Qe2 Qd6 20. Bb1 Bxd4 21. Bxd4 Qxd4 22. a3 Qf4 23. Bxh7+ Kxh7 24. axb4 Rd2 25. Qe1 Bd5 26. Rc3 Ne4 27. Re3 Qxf2+ 28. Qxf2 Nxf2 29. Rxa7 Ng4 0-1

[Event "Bratislava Open"]
[Site "Bratislava SVK"]
[Date "1993.??.??"]
[Round "7"]
[White "Kriz, Oliver"]
[Black "Contin, Daniel"]
[Result "0-1"]
[WhiteElo "2230"]
[BlackElo "2385"]
[PlyCount "56"]
[EventDate "1993.??.??"]
[Source "www.chesslib.no"]
[SourceDate "2004.05.04"]

1. e4 e6 2. c4 d5 3. exd5 exd5 4. cxd5 Nf6 5. Bb5+ Nbd7 6. Nc3 Be7 7. Nf3 O-O 8. O-O Nb6 9. Re1 Nbxd5 10. d4 c6 11. Bc4 Re8 12. Bg5 Be6 13. Qb3 b5 14. Bxf6 bxc4 15. Bxe7 Nxe7 16. Qa3 Ng6 17. Qc5 Qb6 18. Ng5 Qxb2 19. Nce4 Bd5 20. Rad1 f6 21. Rd2 Qxd2 22. Nxd2 Rxe1+ 23. Nf1 fxg5 24. f3 Nf4 25. a4 c3 26. g3 Nh3+ 27. Kg2 g4 28. Qxc3 Bxf3+ 0-1

[Event "Lisbon Ch"]
[Site "Lisbon POR"]
[Date "1993.??.??"]
[Round "11"]
[White "Rocha, Sergio"]
[Black "Alexandre, Jorge"]
[Result "1-0"]
[WhiteElo "2310"]
[BlackElo "2300"]
[PlyCount "81"]
[EventDate "1993.??.??"]
[Source "www.chesslib.no"]
[SourceDate "2004.05.04"]

1. e4 e6 2. c4 d5 3. cxd5 exd5 4. exd5 Nf6 5. Nc3 Nxd5 6. Bc4 Nb6 7. Bb3 Nc6 8. Nge2 Bc5 9. Ne4 Bd4 10. O-O Bg4 11. h3 Bh5 12. d3 Qd7 13. N4g3 Bg6 14. Nxd4 Nxd4 15. Re1+ Kf8 16. Bf4 c6 17. Rc1 h5 18. Rc5 Nxb3 19. Qxb3 h4 20. Ne4 Nd5 21. Bd2 Rh5 22. Nc3 b6 23. Rc4 Nf6 24. Qa4 c5 25. Rxh4 Qxa4 26. Rxa4 Bxd3 27. Bf4 Ne8 28. Re3 c4 29. b4 a5 30. g4 Rh7 31. Kg2 f6 32. Re6 g5 33. Be3 Bc2 34. Ra3 Rc8 35. bxa5 bxa5 36. Rxa5 Kf7 37. Rb6 Ng7 38. Raa6 Rh6 39. Bxg5 Rg6 40. Rxf6+ Rxf6 41. Rxf6+ 1-0

[Event "HUN-chT2 9394"]
[Site "HUN"]
[Date "1994.??.??"]
[Round "?"]
[White "Frank, Jozsef"]
[Black "Kiss, Istvan"]
[Result "1-0"]
[WhiteElo "2335"]
[BlackElo "2265"]
[PlyCount "53"]
[EventDate "1993.??.??"]
[Source "www.chesslib.no"]
[SourceDate "2004.05.04"]

1. e4 e6 2. c4 f5 3. e5 b6 4. Nf3 Bb7 5. Nc3 Bxf3 6. gxf3 Qh4 7. d4 Nc6 8. f4 Nh6 9. Be3 Ng4 10. Qf3 Nxe3 11. Qxe3 g5 12. fxg5 Nxd4 13. O-O-O Bc5 14. Qg3 Qxg3 15. hxg3 Ke7 16. Na4 a5 17. a3 c6 18. f4 Kf7 19. Kd2 h6 20. Kc3 hxg5 21. Rxh8 Rxh8 22. b4 axb4+ 23. axb4 gxf4 24. bxc5 bxc5 25. Nxc5 Nf3 26. Rxd7+ Kg6 27. gxf4 1-0

[Event "Brasschaat"]
[Site "?"]
[Date "2005.08.23"]
[Round "4.1"]
[White "Van Weersel Arlette"]
[Black "Dutreeuw Marc"]
[Result "0-1"]
[WhiteElo "2173"]
[BlackElo "2425"]
[PlyCount "52"]
[EventDate "2005.??.??"]
[Source "www.chesslib.no"]
[SourceDate "2004.05.04"]

1. e4 e6 2. c4 d5 3. cxd5 exd5 4. exd5 Nf6 5. Bb5+ Nbd7 6. Nc3 Be7 7. Nge2 a6 8. Ba4 O-O 9. O-O Nb6 10. Bc2 Nbxd5 11. d4 Bg4 12. f3 Bh5 13. Ng3 Bg6 14. Nce4 Qd7 15. f4 Nxe4 16. Nxe4 Bxe4 17. Bxe4 Rad8 18. Qb3 c6 19. Rd1 Bf6 20. Bxd5 Qxd5 21. Qxb7 Bxd4+ 22. Kh1 Rfe8 23. Qxa6 Bxb2 24. Bxb2 Qxd1+ 25. Qf1 Qxf1+ 26. Rxf1 Rd2 0-1

[Event "Papp Bela Memorial"]
[Site "Budapest HUN"]
[Date "1994.??.??"]
[Round "2"]
[White "Medvegy, Zoltan"]
[Black "Dudas, Janos"]
[Result "1/2-1/2"]
[WhiteElo "2280"]
[BlackElo "2310"]
[PlyCount "77"]
[EventDate "1994.??.??"]
[Source "www.chesslib.no"]
[SourceDate "2004.05.04"]

1. e4 e6 2. c4 c5 3. Nc3 Nc6 4. Nf3 Nf6 5. d4 cxd4 6. Nxd4 Bc5 7. Nxc6 dxc6 8. Qxd8+ Kxd8 9. Bf4 Ke7 10. Rd1 e5 11. Bg3 Bd4 12. Bd3 Nh5 13. Bh4+ f6 14. f3 Rd8 15. Bf2 Nf4 16. Bf1 Be6 17. Bxd4 exd4 18. Ne2 Nxe2 19. Bxe2 c5 20. Bd3 Rd6 21. b3 Ra6 22. Rd2 Ra3 23. O-O a5 24. Rb1 Ra7 25. Kf2 a4 26. Rdb2 axb3 27. axb3 Kd6 28. Ke2 Ra2 29. Kd2 b5 30. cxb5 Bxb3 31. b6 Rxb2+ 32. Rxb2 Ra2 33. Rxa2 Bxa2 34. Bb5 g5 35. g3 Be6 36. f4 gxf4 37. gxf4 Bc8 38. e5+ fxe5 39. fxe5+ 1/2-1/2

[Event "Wch U20"]
[Site "Buenos Aires ARG"]
[Date "1992.??.??"]
[Round "?"]
[White "Rocha, Sergio"]
[Black "Escobedo Tinajero, Alberto"]
[Result "1-0"]
[WhiteElo "2310"]
[BlackElo "2265"]
[PlyCount "49"]
[EventDate "1992.10.??"]
[Source "www.chesslib.no"]
[SourceDate "2004.05.04"]

1. e4 e6 2. c4 d5 3. cxd5 exd5 4. exd5 Nf6 5. Nc3 Nxd5 6. Bc4 Nb4 7. d4 Qxd4 8. Qe2+ Be7 9. Nf3 Qc5 10. O-O O-O 11. a3 N4c6 12. Nd5 Bd8 13. Bf4 Nd4 14. Nxd4 Qxd4 15. Rfd1 Qc5 16. Bxc7 Bg4 17. Qxg4 Bxc7 18. Nf6+ Kh8 19. Rd5 Qb6 20. Nxh7 Qxb2 21. Nxf8 Qxa1+ 22. Rd1 Qf6 23. Ng6+ Qxg6 24. Qc8+ Kh7 25. Bd3 1-0

[Event "Wch U16"]
[Site "Oropesa del Mar"]
[Date "1999.11.02"]
[Round "9"]
[White "Liascovich, Lucas"]
[Black "Bhat, Vinay S"]
[Result "1-0"]
[WhiteElo "2183"]
[BlackElo "2388"]
[PlyCount "147"]
[EventDate "1999.10.24"]
[Source "ChessBase"]
[SourceDate "1999.11.18"]

1. e4 e6 2. c4 d5 3. exd5 exd5 4. cxd5 Qxd5 5. Nc3 Qd8 6. Bc4 Bd6 7. Nf3 Nf6 8. O-O O-O 9. d4 Nc6 10. h3 h6 11. Re1 a6 12. Ne5 Bf5 13. Nxc6 bxc6 14. Qf3 Bd7 15. Bf4 Nh7 16. Ne4 Bb4 17. Red1 Bf5 18. Nc5 Bc2 19. Rdc1 Bg6 20. Nxa6 Bd6 21. Qg3 Nf6 22. Be5 Bxe5 23. dxe5 Nd5 24. Nxc7 Rb8 25. Nxd5 cxd5 26. Bb3 Kh7 27. Rd1 d4 28. h4 h5 29. f4 d3 30. Rd2 Rb4 31. Qf2 Be4 32. Re1 f5 33. exf6 Rxf6 34. Qc5 Qd4+ 35. Qxd4 Rxd4 36. g3 Kg6 37. Kf2 Kf5 38. Bd1 Ra6 39. b3 Rc6 40. Bxh5 Rc2 41. Red1 Bb7 42. Bf3 Ba6 43. Ke3 Rd8 44. g4+ Kf6 45. Be4 Rc7 46. g5+ Ke7 47. h5 Kf8 48. Kf3 Re7 49. Bg6 Bb7+ 50. Kf2 Ba6 51. Re1 Rc7 52. Re6 Bc8 53. Re3 Ba6 54. Kg3 Rc1 55. Re6 Bb7 56. Kf2 Bc8 57. Rb6 Bg4 58. Rxd3 Rdc8 59. Rbd6 Rh1 60. Kg2 Ra1 61. Rd2 Rac1 62. Rd8+ Ke7 63. Rxc8 Rxc8 64. Kg3 Be6 65. Rd3 Rc1 66. f5 Bc8 67. Re3+ Kd6 68. h6 gxh6 69. gxh6 Bb7 70. h7 Rg1+ 71. Kh4 Bg2 72. Rh3 Bxh3 73. h8=Q Bxf5 74. Qd4+ 1-0

[Event "Hessen clubgame"]
[Site "?"]
[Date "1996.??.??"]
[Round "?"]
[White "Gross Georg"]
[Black "Mayer Frank"]
[Result "0-1"]
[WhiteElo "2345"]
[BlackElo "2220"]
[PlyCount "64"]
[EventDate "1996.??.??"]
[Source "www.chesslib.no"]
[SourceDate "2004.05.04"]

1. e4 e6 2. c4 d5 3. cxd5 exd5 4. e5 c5 5. Bb5+ Nc6 6. Nf3 Nge7 7. O-O Qb6 8. Nc3 d4 9. Ne4 Nd5 10. Qb3 Be6 11. Nfg5 a6 12. Nxe6 fxe6 13. Qh3 Nf4 14. Qg4 axb5 15. Qxf4 Qc7 16. Ng5 Nd8 17. d3 Be7 18. Qe4 Bxg5 19. Bxg5 O-O 20. Rfc1 Nf7 21. Bf4 Rfc8 22. Rc2 b4 23. g3 b3 24. Rcc1 Rxa2 25. Qe1 Rxb2 26. Ra3 b5 27. Rca1 c4 28. Ra7 Qd8 29. Rb7 Ra8 30. Rxb5 c3 31. Rb7 g5 32. Rxa8 Qxa8 0-1

[Event "Chiasso Open"]
[Site "Chiasso"]
[Date "1991.??.??"]
[Round "?"]
[White "Speck, Hans"]
[Black "Contin, Daniel"]
[Result "0-1"]
[WhiteElo "2225"]
[BlackElo "2340"]
[PlyCount "56"]
[EventDate "1991.??.??"]
[Source "www.chesslib.no"]
[SourceDate "2004.05.04"]

1. e4 e6 2. c4 c5 3. Nc3 Nc6 4. f4 g6 5. Nf3 Bg7 6. Be2 Nge7 7. Nb5 d5 8. e5 O-O 9. d4 dxc4 10. Bxc4 a6 11. Nd6 b5 12. Bb3 c4 13. Bc2 Qa5+ 14. Qd2 Qb6 15. O-O f6 16. Be4 Rb8 17. Qe3 Nb4 18. Bd2 Nbd5 19. Bxd5 Nxd5 20. Qe4 Bd7 21. f5 fxe5 22. fxe6 Bxe6 23. Ng5 Qxd6 24. Qh4 h5 25. Rfe1 Bf5 26. g4 Bxg4 27. Ne4 Qb6 28. Nc5 exd4 0-1

[Event "Villa Martelli (Argentina)"]
[Site "?"]
[Date "2004.11.10"]
[Round "5"]
[White "Miserendino Alfredo"]
[Black "De Dovitiis Alejo"]
[Result "1/2-1/2"]
[WhiteElo "2194"]
[BlackElo "2363"]
[PlyCount "88"]
[EventDate "2004.??.??"]
[Source "www.chesslib.no"]
[SourceDate "2004.05.04"]

1. e4 e6 2. c4 d5 3. cxd5 exd5 4. exd5 Nf6 5. Bc4 Be7 6. Nf3 O-O 7. h3 a6 8. O-O b5 9. Bb3 Bb7 10. d4 Bxd5 11. Nc3 Bxb3 12. Qxb3 Nc6 13. Bf4 b4 14. Na4 Nd5 15. Be5 Qd7 16. Rac1 Rfc8 17. Nc5 Bxc5 18. Rxc5 Nce7 19. Rfc1 a5 20. Qc2 c6 21. Bg3 f6 22. Nd2 a4 23. Nc4 Nf5 24. Qd3 Qe6 25. Na5 a3 26. bxa3 Nc3 27. axb4 Ne2+ 28. Kh2 Nxc1 29. Rxc1 Ne7 30. a3 Ra7 31. Rc5 Rd7 32. Nb3 Rcd8 33. Rh5 Ra7 34. Nc5 Qa2 35. Qxh7+ Kf7 36. Ne4 Rxa3 37. Nd6+ Rxd6 38. Bxd6 Qxf2 39. Qe4 Re3 40. Qf4 Qxf4+ 41. Bxf4 Re4 42. Bd6 Rxd4 43. Bxe7 Kxe7 44. b5 cxb5 1/2-1/2

[Event "Buenos Aires FMDA"]
[Site "Buenos Aires ARG"]
[Date "1992.??.??"]
[Round "6"]
[White "Minzer, Claudio Javier"]
[Black "Justo, Damian"]
[Result "0-1"]
[WhiteElo "2290"]
[BlackElo "2265"]
[PlyCount "88"]
[EventDate "1992.??.??"]
[Source "www.chesslib.no"]
[SourceDate "2004.05.04"]

1. e4 e6 2. c4 d5 3. cxd5 exd5 4. exd5 Nf6 5. Bb5+ Nbd7 6. Nc3 a6 7. Bxd7+ Bxd7 8. h3 Bf5 9. Qf3 Qd7 10. d3 Bb4 11. Bd2 O-O-O 12. Nge2 Nxd5 13. O-O Nxc3 14. bxc3 Qxd3 15. Qxd3 Bxd3 16. cxb4 Bxe2 17. Bg5 Bxf1 18. Bxd8 Rxd8 19. Kxf1 Rd2 20. a3 Kd7 21. Ke1 Rd5 22. Ke2 b6 23. Rc1 c5 24. Rc4 Kc6 25. bxc5 bxc5 26. Re4 Rd6 27. Rg4 g6 28. Ke3 Rd7 29. h4 Kb5 30. a4+ Kc6 31. f3 Rb7 32. Re4 Kd6 33. Kd3 Rb3+ 34. Ke2 Rb2+ 35. Kf1 Rb4 36. Re8 Rxh4 37. g4 Rh2 38. Ra8 c4 39. Rxa6+ Kd5 40. Ra7 c3 41. Rc7 c2 42. Ke1 Kd4 43. a5 Kd3 44. Re7 Kc4 0-1

[Event "HUN-chT2 9394"]
[Site "HUN"]
[Date "1994.??.??"]
[Round "?"]
[White "Frank, Jozsef"]
[Black "Papp, Laszlo"]
[Result "0-1"]
[WhiteElo "2335"]
[BlackElo "2220"]
[PlyCount "48"]
[EventDate "1993.??.??"]
[Source "www.chesslib.no"]
[SourceDate "2004.05.04"]

1. e4 e6 2. c4 d5 3. exd5 exd5 4. Nf3 d4 5. d3 Nf6 6. Be2 c5 7. O-O Bd6 8. b4 cxb4 9. a3 Nc6 10. axb4 Bxb4 11. Bg5 O-O 12. Nbd2 h6 13. Bh4 Bf5 14. Qc2 Re8 15. Rfe1 Bc3 16. Rad1 Nb4 17. Qb1 Rxe2 18. Rxe2 Bxd3 19. Bxf6 gxf6 20. Qxd3 Nxd3 21. Ne4 Qb6 22. Rxd3 Qb1+ 23. Ne1 Bxe1 24. Nxf6+ Kh8 0-1